000
00320nam a22001457a 4500
008
210303b ||||| |||| 00| 0 eng d
020
_a
9781565335424
041
_a
eng
080
_a
610.73
082
_a
610.73
100
_a
1
101
_a
INF
245
_a
Fundamentals for Nursing
_c
Sommer, SH
942
_2
udc
_c
BK
999
_c
55639
_d
55639